Desatinada política anti-inflacionaria

সংরক্ষণ করুন:
গ্রন্থ-পঞ্জীর বিবরন
বিন্যাস: পাঠ‍্য
বিষয়গুলি:
ট্যাগগুলো: ট্যাগ যুক্ত করুন
কোনো ট্যাগ নেই, প্রথমজন হিসাবে ট্যাগ করুন!

MARC

LEADER 00000 a a2200000 04500
001 5840
003
040
245 |a Desatinada política anti-inflacionaria  
650 |a POLITICA ECONOMICA  
650 |a INFLACION  
650 |a POLITICA DE PRECIOS  
650 |a PRECIOS  
650 |a POBREZA  
650 |a INTERES  
650 |a PRECIOS  
773 |g volumen 14, número 610; páginas 10-12  
999 |c 26812  |d 26812